NR: Prices soar as weather plays spoisport (Record no. 64205)

MARC details
000 -LEADER
fixed length control field 00306nam a2200121Ia 4500
100 ## - MAIN ENTRY--AUTHOR NAME
Personal name Saj Mathews A
245 #0 - TITLE STATEMENT
Title NR: Prices soar as weather plays spoisport
260 ## - PUBLICATION, DISTRIBUTION, ETC. (IMPRINT)
Name of publisher Rubber Asia
Year of publication 2011
300 ## - PHYSICAL DESCRIPTION
Number of Pages 75-76
500 ## - GENERAL NOTE
General note Source Year: 2011
942 ## - ADDED ENTRY ELEMENTS (KOHA)
Koha item type Journals
Holdings
Withdrawn status Lost status Damaged status Not for loan Home library Current library Date acquired Serial Enumeration / chronology Koha item type
      Journals RRII Library RRII Library 04/03/2011 Volume 25, Issue 1 Journals